| 000 | 00000nam##2200000za#4500 |
| 001 | 9.698279 |
| 003 | CaOODSP |
| 005 | 20210927150510 |
| 007 | cr ||||||||||| |
| 008 | 150407|2000||||xxc|||||o f|0| 0 eng|d |
| 040 | |aCaOODSP|beng |
| 043 | |an-cn--- |
| 086 | 1 |aR72-288/2000E-PDF |
| 110 | 1 |aCanada. |bIndian and Northern Affairs Canada. |
| 245 | 10|aResponsible risk-taking for innovation and results |h[electronic resource] |
| 260 | |aOttawa - Ontario : |bIndian and Northern Affairs |c2000. |
| 300 | |a18p.|bglossary, references, tables |
| 500 | |aThe catalogue number (R72-288/2000) and ISBN (0-662-64756-4) for the bilingual print edition have been incorrectly copied in this electronic publication. |
| 590 | |a13-18-Supp|b2013-08-01 |
| 690 | 07|aDecision making|2gcpds |
| 690 | 07|aPublic service|2gcpds |
| 690 | 07|aRisk management|2gcpds |
| 775 | 08|tPrise de risques responsable axée sur l`innovation et les résultats |w(CaOODSP)9.642291 |
| 856 | 40|ahttp://publications.gc.ca|qPDF|s805 KB|uhttps://publications.gc.ca/collections/Collection/R72-288-2000.pdf |
| 986 | |aQS-3617-000-BB-A1 |